Ice Spice - In Ha Mood Lyrics - Statistics

General Stats
  • This quiz has been taken 50 times
  • The average score is 37 of 63
Answer Stats
Hint Answer % Correct
Like, damn, she __ __ ____ in ha mood
100%
Like, damn, she __ __ ____ in ha mood
100%
Like, damn, she __ __ ____ in ha mood
100%
Like, damn, she __ __ ____ in ha mood
100%
Like, damn, she __ __ ____ in ha mood
100%
Like, damn, she __ __ ____ in ha mood
100%
Like, damn, she __ __ ____ in ha mood
100%
Like, damn, she __ __ ____ in ha mood
100%
Like, damn, she __ __ ____ in ha mood
100%
Like, damn, she __ __ ____ in ha mood
100%
Like, damn, she __ __ ____ in ha mood
100%
Like, damn, she __ __ ____ in ha mood
100%
Like, damn, she __ __ ____ in ha mood
100%
Like, damn, she __ __ ____ in ha mood
100%
Like, damn, she __ __ ____ in ha mood
100%
She ___, get money too lit
74%
She ___, get money too lit
74%
She ___, get money too lit
74%
I'm doing my _____, dance
69%
He ___ me to stay, beg
67%
I know by his _____, pants
64%
In the _____ party
64%
Like _ _______ views in a day, a million
62%
She a ______, baddie
62%
She a ______, baddie
62%
If I was b******, I'd ____ me a lot. hate
62%
They like, "___, how you always stay hot?" Ice
62%
No friends, I don't f*** with the _____, fakes
59%
Wit' her baddie ______. friend
59%
I just wanna ____. play
59%
She know she a ___. ten
59%
There's so many ways __ ___ ____. to get paid
59%
Oh, they mad 'cause I keep makin' ____. bops
56%
Big b**** and the butt stay _____. plump
56%
___, I'm not staying, Bae
51%
Oh, she mad 'cause I'm takin' ha ____. spot
51%
But wantin' my _____. place
49%
In the ______, mirror
46%
And he ______, packin'
46%
So I'm lovin' my _____. bands
44%
But don't got a ______, chance
44%
He just wanna ____, rump
44%
Stuck in my ____, ways
44%
And I'm proud that I'm still gettin' ______, bigger
41%
Like, what? Let's keep it a ____. buck
41%
Pretty b****, but I came from the ______, gutter
41%
Said I'd be lit by the end of the ______. summer
41%
Goin' _____ is gettin' 'em sicker. viral
41%
I'm lookin' the _______, baddest
38%
So the _________ in my face. paparazzi
38%
He a ______, rapper
38%
Sayin' they ____ me, love
36%
Pretty face and the _____ all gone waist
36%
got 'em _____ in a rut. stuck
33%
I try ______, dippin'
28%
And I'm makin' 'em ____, hold on wait
28%
And I'm makin' 'em ____, hold on wait
28%
when I hop out the _____. truck
26%
____ in the party, Step
23%
____, ____ __. Wait hold on
23%
B****** too _____, borin'
18%
Lamborghini ______ roarin'
15%
Pretty b**** like ______ with a big a** butt. Yup. Lauryn
8%
No matching quizzes found
Score Distribution
Percent of People with Each Score
Percentile by Number Answered
Your Score History
You have not taken this quiz